Four Letter Geography - S - Statistics

General Stats
  • This quiz has been taken 71 times
  • The average score is 4 of 10
Answer Stats
Hint Answer % Correct
Japanese type wrestling Sumo
95%
Canal in Egypt Suez
92%
UK "country": ____land Scot
78%
Capital of Fiji Suva
75%
Greek underworld river Styx
65%
River in the Balkans Sava
17%
City in Iran Sari
8%
River in Portugal Sado
6%
City in Morocco Safi
3%
Lake in Canada Snap
2%
No matching quizzes found
Score Distribution
Percent of People with Each Score
Percentile by Number Answered
Your Score History
You have not taken this quiz